00417nam a22001457a 4500020001800000082001500018100001700033245005000050250001200100260004000112300002500152500002000177650004900197700002500246 a9780070699724 a621.31 SUD aSudhakar, A. aCircuits and networks: analysis and synthesis a4th ed. aNew Delhi, IndiabMcGraw Hillc2010 axvii, 972 p.bill. ; aIncludes index. a1. Electric networks. 2. Electric circuits. aPalli, Shyammohan S.